000 00518nam a22001817a 4500
005 20251108171956.0
008 250721s1989 xx 000 0 ara d
082 1 4 _a616.85/عبد
100 1 _aالخياط، عبد المحسن
245 1 0 _aالصرع :
_bموجز يبحث أنواعه و تشخيصه و علاجه /
264 1 _aبغداد :
_c1989.
300 _a174ص
650 1 7 _aالجهاز العصبي
650 1 7 _aالأمراض
650 1 7 _aالصرع
942 _2ddc
_cBK
999 _c67341
_d67341